LEADER 01229nam a2200265 4500 001 000000343001 003 CaOOAMICUS 005 20220920150022.0 008 201118s2016 it 000 u ita r 020 $a978-88-317-2335-0 040 $aSeMil$bita 100 1 $aCampailla, Sergio,$d<1945- >.$0(OLS)http://semarc/name/20947 245 10$aWanted :$bBenjamin Mendoza y Amor : il pittore che attentò alla vita di papa Paolo 6. /$cSergio Campailla. 264 1$aVenezia :$bMarsilio,$c2016. 300 $a359 p. ;$c22 cm 600 14$aMendoza y Amor, Benjamín.$0(OLS)http://semarc/subject/49746 650 4$aPaolo VI - Attentato (1970).$0(OLS)http://semarc/subject/49745 830 4$aGli specchi.$0(OLS)http://semarc/title/10131 850 $aSeMil 852 $aSeMil$W1$xVenegono$y1$m3M II 335$j223007$B233982$CSeMilBibl$Z2$F233982 $81 961 $aPerego don Stefano - Omaggio 996 $6020$a978-88-317-2335-0$9(OLS)http://semarc/number/291665 996 $6245$aWanted :$bBenjamin Mendoza y Amor : il pittore che attentò alla vita di papa Paolo 6.$9(OLS)http://semarc/title/431949 996 $6264$aVenezia :$bMarsilio$9(OLS)http://semarc/publisher/30231 LEADER 01274nam a2200253 4500 001 000000338982 003 CaOOAMICUS 005 20200123120601.0 008 200123s2019 sp 000 u spa r 020 $a978-84-17-60113-3 040 $aSeMil$bita 245 13$aEl progreso de los pueblos y el desarrollo humano integral :$ble doble interpretación desde el liberalismo económico y la ética social /$cJosé Antonio Calvo Gómez (coordinador) 264 1$aSalamanca :$bUniversidad Pontificia,$c2019. 300 $a207 p. ;$c21 cm 541 0 $aFondo mons. Mario Delpini 700 1 $aCalvo Gómez, José Antonio,$c.$0(OLS)http://semarc/name/110794 830 0$aCátedra cardenal Ernesto Ruffini ;$v12.$0(OLS)http://semarc/title/419317 850 $aSeMil 852 $aSeMil$W1$xVenegono$y1$m3L II 254$j218868$B230031$CSeMilBibl$Z2$F230031 $81 941 1 $a7 996 $6020$a978-84-17-60113-3$9(OLS)http://semarc/number/289697 996 $6245$aEl progreso de los pueblos y el desarrollo humano integral :$ble doble interpretación desde el liberalismo económico y la ética social$9(OLS)http://semarc/title/427787 996 $6264$aSalamanca :$bUniversidad Pontificia$9(OLS)http://semarc/publisher/40137